[Event "RSA-chT U12"]
[Site "Cape Town"]
[Date "2016.01.07"]
[Round "7.10"]
[White "Potgieter, Francois"]
[Black "Hardy, Noah"]
[Result "0-1"]
[WhiteElo "728"]
[BlackElo "1107"]
[PlyCount "50"]
[EventDate "2016.01.04"]
[EventType "team-tourn"]
[EventRounds "7"]
[EventCountry "RSA"]
[SourceTitle "CBM 170 Extra"]
[Source "ChessBase"]
[SourceDate "2016.02.25"]
[SourceVersion "1"]
[SourceVersionDate "2016.02.25"]
[SourceQuality "1"]
[WhiteTeam "Kenneth Kaunda"]
[BlackTeam "Western Province"]
[WhiteTeamCountry "RSA"]
[BlackTeamCountry "RSA"]

1. e4 e5 2. Nf3 Nc6 3. Bc4 Bc5 4. d3 h6 5. Nc3 d6 6. h3 Nf6 7. a3 a6 8. 0-0 0-0 9. b3 Re8 10. Rb1 Be6 11. Bb2 Bxc4 12. bxc4 Re6 13. Nh4 Nxe4 14. Nxe4 Qxh4 15. Bc1 Rg6 16. Be3 Qxh3 17. g3 Re8 18. Nxc5 dxc5 19. Bxc5 Ree6 20. Qf3 Ref6 21. Qd5 Rg5 22. Rxb7 Rfg6 23. Qf3 Rxg3+ 24. fxg3 Rxg3+ 25. Qxg3 Qxg3+ 0-1